000
00496nam a2200181Ia 4500
008
090123s9999 xx 000 0 und d
082
_b
25328
_a
891.463/शेटे
100
_a
शेटे शिवाजी
245
_a
सावज
250
_a
0
260
_b
शांती प्रकाशन
300
_a
128
600
_a
शेटे शिवाजी
630
_a
सावज
700
_a
शेटे शिवाजी
730
_a
सावज
942
_c
BOOK
999
_c
63399
_d
63399